Statistics for Transformers Movie Characters

Click here to take the quiz!

General Stats

  • This quiz has been taken 3,886 times
    (3,884 since last reset)
  • The average score is 17 of 46

Answer Stats

SidePositionAnswer% Correct
AutobotsGuardian and ScoutBumblebee
97%
AutobotsLeaderOptimus Prime
97%
DecepticonsLeaderMegatron
88%
AutobotsWeapons SpecialistIronhide
84%
AutobotsMedical OfficerRatchet
83%
DecepticonsAir Commander/Second-in-CommandStarscream
80%
AutobotsLieutenant/Second-in-CommandJazz
77%
DecepticonsCommunications OfficerSoundwave
60%
DecepticonsOriginal LeaderThe Fallen
56%
DecepticonsScientist/AssassinShockwave
54%
AutobotsCombat InstructorSideswipe
54%
DecepticonsFormer Leader/TraitorSentinel Prime
52%
AutobotsSeekerJetfire
42%
AutobotsScientistQue (Wheeljack)
42%
DecepticonsScout/HunterBarricade
41%
AutobotsField CommanderArcee
40%
DecepticonsUltimate Weapon/Combiner/ConstructiconDevastator
40%
AutobotsSpyDino (Mirage)
39%
DecepticonsFirst CommanderBlackout
35%
AutobotsOther InfiltratorMudflap
35%
DecepticonsWarrior/DemolitionBonecrusher
33%
AutobotsInfiltratorSkids
33%
AutobotsSpyWheelie
31%
AutobotsWreckerLeadfoot
29%
DecepticonsInfiltration ExpertRavage
29%
DecepticonsArtillery GunnerBrawl
28%
DecepticonsInfiltration ExpertLaserbeak
28%
DecepticonsHacker/Espionage ExpertFrenzy
27%
AutobotsTechnicianJolt
27%
AutobotsDroneBrains
24%
DecepticonsOther ConstructiconsMixmaster
24%
AutobotsWreckerTopspin
23%
DecepticonsOther ConstructiconsLong Haul
22%
AutobotsWreckerRoadbuster
22%
DecepticonsExcavator/ConstructiconDemolisher
19%
DecepticonsOther ConstructiconsRampage
18%
DecepticonsOther ConstructiconsScrapper
17%
DecepticonsSurveillance AgentSideways
17%
DecepticonsPretenderAlice
15%
DecepticonsDreadCrankcase
14%
DecepticonsDreadCrowbar
14%
DecepticonsMedic/ScientistScalpel
14%
DecepticonsHunter/TrackerScorponok
14%
DecepticonsDreadHatchet
13%
DecepticonsInfiltrationReedman
7%
DecepticonsOther ConstructiconsScrapmetal
7%

Score Distribution

Percentile by Number Answered

Percent of People with Each Score

Your Score History

You have not taken this quiz since the last reset